Countries and Territories in Oceania - Statistics

General Stats
  • This quiz has been taken 1,696 times
  • The average score is 24 of 37
Answers on the Map
Answers color-coded by a green-red scale on the quiz's map according to % correct below.
 
Answer Stats
Group Countries and Territories % Correct
Countries Australia
98%
Countries New Zealand
97%
United States American Samoa
95%
Countries Fiji
95%
Countries F. S. Micronesia
95%
Countries Kiribati
95%
Countries Marshall Islands
95%
Countries Palau
95%
Countries Papua New Guinea
95%
Countries Samoa
95%
Countries Solomon Islands
95%
Countries Vanuatu
95%
Countries Nauru
94%
Countries Tonga
94%
Countries Tuvalu
94%
United States Guam
83%
France French Polynesia
82%
France New Caledonia
77%
Australia Christmas Island
74%
New Zealand Cook Islands
71%
New Zealand Niue
71%
United States Northern Mariana Islands
68%
Chile Easter Island
65%
United Kingdom Pitcairn Islands
59%
Australia Norfolk Islands
56%
New Zealand Tokelau
54%
France Wallis and Futuna
53%
Australia Cocos (Keeling) Islands
51%
United States Wake Island
27%
Australia Coral Sea Islands
22%
United States Johnston Atoll
19%
United States Baker Island
17%
United States Jarvis Island
15%
United States Howland Island
14%
United States Palmyra Atoll
14%
Australia Ashmore and Cartier Islands
13%
United States Kingman Reef
11%
No matching quizzes found
Score Distribution
Percent of People with Each Score
Percentile by Number Answered
Your Score History
You have not taken this quiz